00409nam a22001457a 4500003000400000005001700004008004100021020001800062040001200080082003800092100001800130245006700148260004000215300000800255OSt20260407120038.0260407b |||||||| |||| 00| 0 eng d a9788179922316 cDonated 253 imperssiona658/ShabSBPIMD298 aSharma, Robin aLeadership Wisdombfrom the Monk who sold his FerrarihEnglish aIndiabJaico Publishing Housec2017 a254